Thiết kế quy trình xử lý nước thải bệnh viện trung tâm An Giang : Luận văn tốt nghiệp đại học

Nội dung đề tài tìm hiểu hiện trạng nước thải tại bệnh viện hiện nay, khảo sát về hiện trạng môi trường khu vực bệnh viện về rác thải và vấn đề vệ sinh mặt bằng, đưa ra các phương án giải quyết....

Szczegółowa specyfikacja

Zapisane w:
Opis bibliograficzny
1. autor: Nguyễn, Văn Rành
Format: Książka
Język:Undetermined
Wydane: Cần Thơ Trường Đại học Cần Thơ 2001
Hasła przedmiotowe:
Etykiety: Dodaj etykietę
Nie ma etykietki, Dołącz pierwszą etykiete!
Thư viện lưu trữ: Trung tâm Học liệu Trường Đại học Cần Thơ
LEADER 01102nam a2200205Ia 4500
001 CTU_143114
008 210402s9999 xx 000 0 und d
082 |a 628.4 
082 |b R107 
100 |a Nguyễn, Văn Rành 
245 0 |a Thiết kế quy trình xử lý nước thải bệnh viện trung tâm An Giang : 
245 0 |b Luận văn tốt nghiệp đại học 
245 0 |c Nguyễn Văn Rành ; Lê Hoàng Việt (Giáo viên hướng dẫn) 
260 |a Cần Thơ 
260 |b Trường Đại học Cần Thơ 
260 |c 2001 
520 |a Nội dung đề tài tìm hiểu hiện trạng nước thải tại bệnh viện hiện nay, khảo sát về hiện trạng môi trường khu vực bệnh viện về rác thải và vấn đề vệ sinh mặt bằng, đưa ra các phương án giải quyết. 
650 |a Wastewaters,Environmental protection,Xử lý nước thải 
904 |i Tuyến 
980 |a Trung tâm Học liệu Trường Đại học Cần Thơ